Sozialen Medien - Statistiken

Allgemein
  • Dieses Quiz wurde 115 mal gespielt
  • Das Durchschnittsergebnis liegt bei 5 aus 15
Antwortstatistiken
Frage Antwort % Korrekt
Wer hat die meisten Instagram-Follower? (männlich) Cristiano Ronaldo
78%
Wann wurde Google veröffentlicht? 1998
48%
Wann wurde YouTube veröffentlicht? Februar 2005
41%
Wer hat die meisten Instagram-Follower? (weiblich) Kylie Jenner
36%
Was war der erste Twitter-Tweet? 'Just setting up my Twittr'
35%
Wann wurde TikTok veröffentlicht? September 2016
32%
Was war die erste Social-Media-Plattform, die jemals veröffentlicht wurde? SixDegrees.com
32%
Wer ist die 'Königin von Tiktok'? Charli D'Amelio
29%
Wer hat das erste YouTube-Video gepostet? Jawed Karim
29%
Wann wurde Microsoft Bing veröffentlicht? Juni 2009
29%
Wer hat die meisten Follower auf seinem Twitter-Account? Barack Obama
28%
Was bedeutet Douyin auf Chinesisch? TikTok
28%
Wer hat die meisten YouTube-Abonnenten? T-Series
28%
Was ist das beliebteste soziale Netzwerk? Facebook
10%
Wer hat das erste Tiktok-Video gepostet? ByteDance
9%
Keine übereinstimmenden Quizze gefunden
Verteilung der Resultate
Anzahl Personen mit jedem Resultat
Perzentil nach korrekt beantworteten Fragen
Ihre Resultats-Entwicklung
Sie haben dieses Quiz noch nicht gespielt